Komparatívna analýza ekonomického a politického vývoja štátov Strednej Ázie po získaní nezávislosti
Komparatívna analýza vývoja štátov Strednej Ázie po zmenených podmienkach rozvíjajúceho sa politického a ekonomického prostredia, za posledné tri dekády a definovanie možných ďalších ciest ich politického a ekonomického vývoja. Odlišnosti vývoja stredoázijských republík a príčiny ich vzniku. Analýza...
Salvato in:
| Autore principale: | |
|---|---|
| Natura: | Capitolo di libro |
| Lingua: | slovacco |
| Soggetti: | |
| Tags: |
Nessun Tag, puoi essere il primo ad aggiungerne!!
|
MARC
| LEADER | 00000naa$a2200000$$$4500 | ||
|---|---|---|---|
| 001 | 0261543 | ||
| 005 | 20240502074148.3 | ||
| 041 | 0 | |a slo | |
| 044 | |a SK | ||
| 245 | 1 | 0 | |a Komparatívna analýza ekonomického a politického vývoja štátov Strednej Ázie po získaní nezávislosti |c Andrianna Baleha |
| 520 | |a Komparatívna analýza vývoja štátov Strednej Ázie po zmenených podmienkach rozvíjajúceho sa politického a ekonomického prostredia, za posledné tri dekády a definovanie možných ďalších ciest ich politického a ekonomického vývoja. Odlišnosti vývoja stredoázijských republík a príčiny ich vzniku. Analýza aktuálneho a potenciálneho vplyvu svetových lídrov na politiku a ekonomiku daných štátov - výhody i riziká. Vyhodnotenie či môže dôjsť v dôsledku aktivít a súperenia svetových mocnosti v danom regióne ku konfliktu alebo naopak kooperácii. Použitá metóda porovnania HDP stredoázijských štátov, tendencia vývoja ich exportu a importu. | ||
| 610 | 2 | 0 | |a vývoj hospodársky |
| 610 | 2 | 0 | |a vývoj politický |
| 610 | 2 | 0 | |a stredná Ázia |
| 610 | 2 | 0 | |a situácia hospodárska |
| 610 | 2 | 0 | |a situácia politická |
| 610 | 2 | 0 | |a produkt domáci hrubý |
| 610 | 2 | 0 | |a politika medzinárodná |
| 610 | 2 | 0 | |a spolupráca hospodárska medzinárodná |
| 610 | 2 | 0 | |a analýza komparatívna |
| 100 | 1 | |a Baleha, Andrianna, 1990- | |